Właściwości wybranych pierwiastków chemicznych - Statystyki

Ogólne statystyki
  • Ten quiz został rozwiązany 107 razy
  • Średni wynik to 26 z 27
Statystyki odpowiedzi
Hint Odpowiedź % Poprawnych
bar Ba
100%
azot N
100%
bizmut Bi
97%
brom Br
97%
węgiel C
97%
chrom Cr
97%
wodór H
97%
potas K
97%
magnez Mg
97%
tlen O
97%
fosfor (biały) P
97%
siarka S
97%
cynk Zn
97%
srebro Ag
94%
chlor Cl
94%
miedź Cu
94%
żelazo Fe
94%
rtęć Hg
94%
jod I
94%
mangan Mn
94%
sód Na
94%
nikiel Ni
94%
wapń Ca
91%
ołów Pb
91%
krzem Si
91%
cyna Sn
91%
glin Al
85%
Nie znaleziono quizów pasujących do podanych kryteriów
Rozkład punktacji
Procent ludzi z każdym wynikiem
Percentyl według liczby udzielonych odpowiedzi
Twoja historia wyników
Nie rozwiązałeś tego quizu